000
00301nam a22001337a 4500
008
170905b xxu||||| |||| 00| 0 eng d
020
_a
9780321023957
041
_a
eng
080
_2
8 ED
_a
070
100
_a
40
101
_a
MED
245
_a
TECHNICAL COMMUNICATION
_c
LANNOBN.J.M
942
_2
udc
_c
BK
999
_c
26102
_d
26102